Вып. 14; Проблемы контроля и защита атмосферы от загрязнения

Xehetasun bibliografikoak
Parent link:Проблемы контроля и защита атмосферы от загрязнения: республиканский межведомственный сборник научных трудов/ Академия наук Украинской ССР (АН УССР), Институт технической теплофизики (ИТТФ). Вып. 14.— , 1974-1990
Beste egile batzuk: Щербань А. Н. (редактор)
Hizkuntza:errusiera
Argitaratua: 1988
Gaiak:
Formatua: MixedMaterials Liburua
KOHA link:https://koha.lib.tpu.ru/cgi-bin/koha/opac-detail.pl?biblionumber=265031

MARC

LEADER 00000nam2a2200000 4500
001 265031
005 20231101233902.0
035 |a (RuTPU)RU\TPU\book\288030 
035 |a RU\TPU\book\279315 
090 |a 265031 
100 |a 20140623d1988 k y0rusy50 ca 
101 0 |a rus 
102 |a UA 
105 |a a z 001zy 
200 0 |a Вып. 14  |f отв. ред. А. Н. Щербань 
210 |d 1988 
215 |a 103 с.  |c ил. 
320 |a Библиогр. в конце ст. 
461 1 |0 (RuTPU)RU\TPU\book\211974  |t Проблемы контроля и защита атмосферы от загрязнения  |o республиканский межведомственный сборник научных трудов  |f Академия наук Украинской ССР (АН УССР), Институт технической теплофизики (ИТТФ)  |v Вып. 14  |d 1974-1990 
606 1 |a Атмосфера  |2 stltpush  |3 (RuTPU)RU\TPU\subj\29618  |9 52906 
610 1 |a контроль 
610 1 |a защита 
610 1 |a загрязнения 
610 1 |a загрязненная атмосфера 
610 1 |a моделирование 
610 1 |a окружающая среда 
675 |a 551.51  |v 3 
702 1 |a Щербань  |b А. Н.  |4 340 
801 1 |a RU  |b 63413507  |c 20110528 
801 2 |a RU  |b 63413507  |c 20150526  |g RCR 
942 |c BK